| 000 | 00903nam a22001697a 4500 | ||
|---|---|---|---|
| 999 |
_c63395 _d63395 |
||
| 003 | Ge_BSU | ||
| 005 | 20250929203306.0 | ||
| 008 | 250929s1970 ge ||||| |||| 00| 0 geo d | ||
| 041 | _ageo | ||
| 080 | _a329.150.4(075.9) პ-56 | ||
| 245 |
_aპოლიტიკური ცოდნის საფუძვლები : _bდამხმ. სახელმძღვ. პარტიული სწავლების სისტემის დაწყებითი პოლიტიკური სკოლებისათვის / _cვ. სტეპაკოვი და სხვა. |
||
| 250 | _aმე-3 გამოცემა | ||
| 264 |
_aთბ. : _bსაქ. კპ ცკ-ის გამ-ბა, _c1970. |
||
| 300 |
_a416გვ. ; _b21სმ. |
||
| 653 | _aპარტიულ-იდეოლოგიური მუშაობა | ||
| 942 |
_2udc _cᲬᲘᲒᲜᲘ |
||